000 01193nam a2200301 i 4500
003 EG-GICUC
005 20260430102719.0
008 260430s1955 ua fr|||| 000 0 ara d
040 _a EG-GICUC
_bara
_c EG-GICUC
_d EG-GICUC
_erda
041 0 _aARABIC
082 0 4 _221
_a345.692
_bع ب . ن
092 0 4 _221
099 _aLaw1 07 345.692 1 ed -ع ب . ن 1955
100 0 _a ساير داير، عبد الفتاح،
_eAuthor.
245 1 0 _a نظرية أعمال السيادة :
_bدراسة مقارنة في القانونين المصرى والفرنسي,
_c الدكتورعبد الفتاح ساير داير.
264 _aالقاهرة :
_b مطبعة جامعة القاهرة،
_c1955.
300 _a829صفحة
_bإيضاحيات ;
_c24 سم
336 _2rda content
_atext
337 _2rda media
_aComputer
338 _2rda carrier
_aOnline Resource
504 _aيشتمل على إرجاعات ببليوجرافية.
546 _aالنص باللغة العربية
650 1 4 _aالقانون الإداري.
_2qrmak
651 1 _2qrmak
856 4 0 _uhttps://fll.law.cu.edu.eg/fulltext/bks/B07-02461.pdf
905 _a171
942 _2ddc
_cBK
_e21
_n0
999 _c74429
_d74429